| 000 | 00375pab a2200133 454500 | ||
|---|---|---|---|
| 008 | 180718b xxu||||| |||| 00| 0 eng d | ||
| 100 | _aJohnston, Richard | ||
| 245 | _aPolitical generations and electoral change in Canada | ||
| 650 | _a Voting | ||
| 650 | _a Political Parties | ||
| 650 | _aElections - Canada | ||
| 773 | _aBritish Journal of Political Science | ||
| 909 | _a22110 | ||
| 999 |
_c22110 _d22110 |
||